Manual de hacienda pública / (Record no. 29414)

MARC details
000 -LEADER
campo de control de longitud fija 00666nam a2200205 i 4500
001 - NÚMERO DE CONTROL
campo de control 29414
003 - IDENTIFICADOR DE NÚMERO DE CONTROL
campo de control ES-MaACL
005 - FECHA Y HORA DE LA ÚLTIMA TRANSACCIÓN
campo de control 20250826051215.0
007 - CAMPO FIJO DE DESCRIPCIÓN FÍSICA--INFORMACIÓN GENERAL
campo de control de longitud fija t|
008 - DATOS DE LONGITUD FIJA--INFORMACIÓN GENERAL
campo de control de longitud fija 030121s1940 sp ||||1| spa d
100 1# - ENTRADA PRINCIPAL--NOMBRE DE PERSONA
Nombre de persona Ballesteros, Pío,
Fechas asociadas al nombre 1882-1952
9 (RLIN) 25043
245 10 - MENCIÓN DEL TÍTULO
Título Manual de hacienda pública /
Mención de responsabilidad, etc. Pío Ballesteros.
260 ## - PUBLICACIÓN, DISTRIBUCIÓN, ETC.
Lugar de publicación, distribución, etc. Madrid :
Nombre del editor, distribuidor, etc. Editorial Revista de Derecho Privado.,
Fecha de publicación, distribución, etc. 1940.
300 ## - DESCRIPCIÓN FÍSICA
Extensión XV, 378 p. ;
Dimensiones 23 cm.
490 1# - MENCIÓN DE SERIE
Mención de serie Serie G. Manuales de derecho ;
Designación de volumen o secuencia 4
650 #7 - PUNTO DE ACCESO ADICIONAL DE MATERIA--TÉRMINO DE MATERIA
Término de materia o nombre geográfico como elemento de entrada Hacienda pública
Fuente del encabezamiento o término embne
9 (RLIN) 13279
830 00 - PUNTO DE ACCESO ADICIONAL DE SERIE-TÍTULO UNIFORME
Título uniforme Manuales de derecho, economía y hacienda
Designación de volumen o secuencia 4
9 (RLIN) 182706
852 ## - LOCALIZACIÓN
Ubicación ES-MaACL
Número de control de estantería P-878
Holdings
Estatus retirado Estado de pérdida Estado de daño No para préstamo Biblioteca de origen Biblioteca actual Ubicación en estantería Fecha de adquisición Fuente de adquisición Total de préstamos Signatura topográfica completa Código de barras Visto por última vez Precio de reemplazo Tipo de ítem Koha
        Biblioteca del Ateneo de Madrid Biblioteca del Ateneo de Madrid Depósito 2 17/01/2008     P-878 1030366 23/02/2023 23/02/2023 Libro impreso